[Event "C.to Italiano Semifinale"]
[Site "Torino ITA"]
[Date "2010.06.26"]
[Round "8"]
[White "Contin, Daniel"]
[Black "Iudicello, Massimo"]
[Result "1-0"]
[WhiteElo "2307"]
[BlackElo "2160"]
[PlyCount "79"]
[EventDate "2010.06.20"]

1. c4 Nf6 2. Nc3 e6 3. e4 d5 4. e5 d4 5. exf6 dxc3 6. bxc3 Qxf6 7. d4 Nc6 8.
Nf3 h6 9. Bd3 Bd6 10. Qe2 O-O 11. h4 Qd8 12. c5 Be7 13. Bf4 e5 14. Nxe5 Nxe5
15. Bxe5 f5 16. Kf1 Bf6 17. Re1 Bd7 18. Bxf6 Qxf6 19. Qe7 Rad8 20. Bc4+ Kh8 21.
Qxf6 Rxf6 22. f4 Rg6 23. Kf2 Bc6 24. Rhg1 Rg4 25. g3 Be4 26. Bf7 g6 27. Rxe4
fxe4 28. Be6 h5 29. Re1 Re8 30. Rxe4 g5 31. Bxg4 Rxe4 32. Bf3 Re6 33. hxg5 Ra6
34. Bd5 Ra3 35. f5 Kg7 36. Ke3 Rxc3+ 37. Kf4 Rd3 38. f6+ Kf8 39. g6 Rxd4+ 40.
Ke5 1-0

[Event "C.to Italiano Semifinale"]
[Site "Torino ITA"]
[Date "2010.06.26"]
[Round "8"]
[White "Di Trapani, Davide"]
[Black "De Nisi, Roberta"]
[Result "1-0"]
[WhiteElo "1926"]
[BlackElo "1916"]
[PlyCount "47"]
[EventDate "2010.06.20"]

1. e4 e6 2. d4 d5 3. Nc3 Nf6 4. Bg5 Be7 5. e5 Nfd7 6. h4 a6 7. Qg4 c5 8. Bxe7
Qxe7 9. dxc5 O-O 10. Nf3 Qxc5 11. Bd3 h6 12. Rh3 Kh8 13. Rg3 Rg8 14. Ng5 Qe7
15. f4 Nb6 16. Qh5 Rf8 17. O-O-O Nc6 18. Nh7 Rd8 19. Qg4 Rg8 20. Nf6 Bd7 21.
Bh7 gxf6 22. Bxg8 Qf8 23. Qh5 Be8 24. exf6 1-0

[Event "C.to Italiano Semifinale"]
[Site "Torino ITA"]
[Date "2010.06.26"]
[Round "8"]
[White "Dvirnyy, Danyyil"]
[Black "Rombaldoni, Denis"]
[Result "1-0"]
[WhiteElo "2459"]
[BlackElo "2484"]
[PlyCount "121"]
[EventDate "2010.06.20"]

1. e4 c6 2. d4 d5 3. Nd2 dxe4 4. Nxe4 Bf5 5. Ng3 Bg6 6. h4 h6 7. Nf3 Nd7 8. h5
Bh7 9. Bd3 Bxd3 10. Qxd3 e6 11. Bf4 Qa5+ 12. Bd2 Bb4 13. c3 Be7 14. c4 Qc7 15.
O-O-O Ngf6 16. Kb1 O-O 17. Qc2 a5 18. Nf1 Ng4 19. Bc1 Bd6 20. Ne3 Nxe3 21. Bxe3
Bf4 22. g4 Bxe3 23. fxe3 Qg3 24. Qe2 Qxg4 25. e4 Qf4 26. Rdf1 Qc7 27. Rhg1 f6
28. Qg2 Rf7 29. Qg6 Qf4 30. Ng5 Qxg5 31. Rxg5 hxg5 32. h6 Nf8 33. h7+ Nxh7 34.
Rh1 Nf8 35. Rh8+ Kxh8 36. Qxf7 g4 37. Qh5+ Kg8 38. Qxg4 Rd8 39. d5 cxd5 40.
exd5 exd5 41. cxd5 g5 42. Qe4 Kf7 43. d6 Rxd6 44. Qxb7+ Nd7 45. Qb5 Ne5 46.
Qxa5 g4 47. Qa7+ Kg6 48. a4 Kf5 49. Qf2+ Nf3 50. Qc5+ Ke6 51. Qc8+ Rd7 52. a5
Kd6 53. Qb8+ Ke6 54. a6 f5 55. a7 Rxa7 56. Qxa7 f4 57. Qg7 Kf5 58. Qd7+ Kg5 59.
Qd5+ Kh4 60. b4 Nh2 61. Qe5 1-0

[Event "C.to Italiano Semifinale"]
[Site "Torino ITA"]
[Date "2010.06.26"]
[Round "8"]
[White "Fabbri, Mario"]
[Black "Grinza, Andrea"]
[Result "1/2-1/2"]
[WhiteElo "2190"]
[BlackElo "2255"]
[PlyCount "39"]
[EventDate "2010.06.20"]

1. d4 d5 2. c4 e6 3. Nc3 Nf6 4. Bg5 Be7 5. e3 Nbd7 6. Nf3 O-O 7. Rc1 c6 8. Bd3
dxc4 9. Bxc4 Nd5 10. Bxe7 Qxe7 11. O-O Nxc3 12. Rxc3 e5 13. Nxe5 Nxe5 14. dxe5
Qxe5 15. f4 Qe4 16. Qe2 Bf5 17. Bd3 Qd5 18. e4 Qd4+ 19. Qf2 Qxf2+ 20. Rxf2
1/2-1/2

[Event "C.to Italiano Semifinale"]
[Site "Torino ITA"]
[Date "2010.06.26"]
[Round "8"]
[White "Fassio, Luca"]
[Black "La Manna, Andrea"]
[Result "0-1"]
[WhiteElo "2050"]
[BlackElo "2229"]
[PlyCount "88"]
[EventDate "2010.06.20"]

1. e4 d6 2. d4 Nf6 3. Bd3 c6 4. Nf3 Bg4 5. Nbd2 e6 6. O-O d5 7. e5 Nfd7 8. Re1
Be7 9. c3 c5 10. Nf1 Nc6 11. h3 Bh5 12. g4 Bg6 13. Ng3 cxd4 14. cxd4 Rc8 15. a3
Qb6 16. Bf1 Na5 17. b4 Nc4 18. h4 h5 19. gxh5 Bxh5 20. Nxh5 Rxh5 21. Bg5 Qd8
22. b5 Bxg5 23. hxg5 Nf8 24. Qa4 b6 25. Rac1 Nh7 26. g6 Ng5 27. gxf7+ Kxf7 28.
Nxg5+ Qxg5+ 29. Bg2 Rh4 30. Qd1 Rg4 31. Qf3+ Kg8 32. Qh3 Rf8 33. f3 Rg3 34. f4
Qg6 35. Qh2 Rxf4 36. Rc3 Rxg2+ 37. Qxg2 Rg4 38. Rc2 Nxa3 39. Rc8+ Kh7 40. Re2
Nxb5 41. Kh1 Rxg2 42. Rxg2 Qe4 43. Re8 Nxd4 44. Re7 Qe1+ 0-1

[Event "C.to Italiano Semifinale"]
[Site "Torino ITA"]
[Date "2010.06.26"]
[Round "8"]
[White "Genocchio, Daniele"]
[Black "Cocchi, Andrea"]
[Result "1-0"]
[WhiteElo "2438"]
[BlackElo "2244"]
[PlyCount "153"]
[EventDate "2010.06.20"]

1. e4 d5 2. exd5 Qxd5 3. Nc3 Qa5 4. d4 Nf6 5. Nf3 Bf5 6. Ne5 c6 7. g4 Be6 8.
Nc4 Bxc4 9. Bxc4 e6 10. Qe2 Nbd7 11. Bd2 Bb4 12. O-O-O Nd5 13. Ne4 Bxd2+ 14.
Rxd2 Qc7 15. Qf3 O-O 16. Qg3 N7b6 17. Bd3 Nf4 18. Kb1 Nbd5 19. Bc4 Rad8 20. g5
Kh8 21. h4 Nh5 22. Qa3 Qf4 23. Bd3 Qf3 24. Re1 a6 25. Nc5 Qf4 26. Rdd1 Qc7 27.
Bc4 a5 28. Bxd5 cxd5 29. Qf3 g6 30. Nd3 Rc8 31. Rc1 Qh2 32. Rh1 Qd6 33. Ne5 Kg7
34. Rhg1 b5 35. Rg4 Rc7 36. Qe3 Rfc8 37. a3 b4 38. a4 Qb6 39. Qf3 b3 40. c3 Qb4
41. Qxf7+ Rxf7 42. cxb4 Rxc1+ 43. Kxc1 Rc7+ 44. Kb1 axb4 45. Nd3 Ra7 46. Rg1
Rxa4 47. Rc1 Ra7 48. Rc8 Rf7 49. Kc1 h6 50. Ne5 Ra7 51. Rb8 hxg5 52. hxg5 Nf4
53. Rxb4 Rc7+ 54. Kd1 Nh3 55. f4 Nxf4 56. Rxb3 Ng2 57. Rh3 Rb7 58. b3 Rb4 59.
Nc6 Rb6 60. Rc3 Nh4 61. Ke2 Nf5 62. Kd3 Nd6 63. Ne5 Ne4 64. Rc7+ Kg8 65. Kc2
Nxg5 66. Nxg6 Nf3 67. Kc3 Nxd4 68. Kxd4 Rxb3 69. Ke5 Re3+ 70. Kf6 Rf3+ 71. Kxe6
d4 72. Ne7+ Kh8 73. Rd7 d3 74. Nf5 d2 75. Rxd2 Ra3 76. Kf7 Rh3 77. Kg6 1-0

[Event "C.to Italiano Semifinale"]
[Site "Torino ITA"]
[Date "2010.06.26"]
[Round "8"]
[White "Manfredi, Vincenzo"]
[Black "Mogranzini, Roberto"]
[Result "1/2-1/2"]
[WhiteElo "2172"]
[BlackElo "2405"]
[PlyCount "74"]
[EventDate "2010.06.20"]

1. d4 Nf6 2. c4 g6 3. Nc3 Bg7 4. e4 d6 5. Nge2 Nbd7 6. f3 c6 7. Be3 e5 8. Qd2
O-O 9. d5 cxd5 10. cxd5 a6 11. g4 h5 12. h3 b5 13. Bg5 b4 14. Nd1 Qa5 15. Ng3
h4 16. Bxh4 Nc5 17. Bg5 Ra7 18. h4 Nh7 19. Be3 Rc7 20. h5 Bf6 21. Bc4 Bd7 22.
Nf2 Bb5 23. Bxb5 Qxb5 24. g5 Bg7 25. Nf5 gxf5 26. exf5 Qd7 27. f6 Bh8 28. Ng4
Rfc8 29. O-O Kf8 30. Rf2 Qf5 31. Raf1 Ke8 32. Rg2 Nd7 33. Nh6 Qh3 34. Rh2 Qg3+
35. Rg2 Qh3 36. Rh2 Qg3+ 37. Rg2 Qh3 1/2-1/2

[Event "C.to Italiano Semifinale"]
[Site "Torino ITA"]
[Date "2010.06.26"]
[Round "8"]
[White "Passerotti, Pierluigi"]
[Black "Rota, Simone"]
[Result "1-0"]
[WhiteElo "2258"]
[BlackElo "2019"]
[PlyCount "61"]
[EventDate "2010.06.20"]

1. d4 d5 2. c4 e6 3. Nc3 c6 4. Nf3 Nf6 5. Bg5 Be7 6. e3 Nbd7 7. Qc2 O-O 8.
O-O-O h6 9. h4 dxc4 10. Bxc4 b5 11. Be2 Bb7 12. Bxf6 Nxf6 13. Ne5 Nd5 14. Kb1
Rc8 15. Nxd5 cxd5 16. Qd2 b4 17. g4 b3 18. axb3 a5 19. g5 Bb4 20. Qd3 Ra8 21.
Rdg1 h5 22. Qd1 a4 23. bxa4 Qa5 24. Bb5 Ba6 25. Nc6 Qb6 26. Nxb4 Bxb5 27. axb5
Qa5 28. Qb3 Qxb5 29. Rc1 Rfb8 30. Rc5 Qxb4 31. Rcc1 1-0

[Event "C.to Italiano Semifinale"]
[Site "Torino ITA"]
[Date "2010.06.26"]
[Round "8"]
[White "Piscopo, Pierluigi"]
[Black "Di Paolo, Raffaele"]
[Result "1-0"]
[WhiteElo "2426"]
[BlackElo "2343"]
[PlyCount "47"]
[EventDate "2010.06.20"]

1. e4 e6 2. Qe2 Nf6 3. Nf3 d5 4. e5 Nfd7 5. g3 c5 6. Bg2 Nc6 7. d3 Be7 8. c4
dxc4 9. dxc4 Qc7 10. Bf4 Nd4 11. Nxd4 cxd4 12. h4 Qb6 13. O-O h6 14. h5 a5 15.
Na3 Bxa3 16. bxa3 Nc5 17. Rfd1 Na4 18. Qg4 Kf8 19. Rab1 Qc5 20. Rb3 Bd7 21.
Rxb7 Rd8 22. Qh4 Ke8 23. Be3 Bc8 24. Bc6+ 1-0

[Event "C.to Italiano Semifinale"]
[Site "Torino ITA"]
[Date "2010.06.26"]
[Round "8"]
[White "Racioppo, Paolo"]
[Black "Stella, Andrea"]
[Result "0-1"]
[WhiteElo "2172"]
[BlackElo "2308"]
[PlyCount "108"]
[EventDate "2010.06.20"]

1. f4 d5 2. Nf3 g6 3. d3 Nf6 4. g3 Bg7 5. Bg2 c5 6. O-O Nc6 7. Nc3 d4 8. Ne4
Qb6 9. a3 O-O 10. h3 e5 11. Qe1 exf4 12. gxf4 Nh5 13. Nh4 f5 14. Ng5 Ne7 15. b4
cxb4 16. Rb1 a5 17. Bd2 h6 18. Ngf3 Kh7 19. axb4 a4 20. Qf2 Qd6 21. e3 dxe3 22.
Bxe3 a3 23. Ne5 Bxe5 24. fxe5 Qxe5 25. Rbe1 Rf7 26. Bxh6 Qg3 27. Qd4 Kxh6 28.
Qh8+ Rh7 29. Qf8+ Ng7 30. Qxe7 Qg5 31. Qxg5+ Kxg5 32. Nf3+ Kf6 33. Nd4 Ne6 34.
Nb5 Ra4 35. c3 Bd7 36. Nd6 Bc6 37. d4 Rd7 38. Bxc6 bxc6 39. Nc4 Ra6 40. Re5 a2
41. Ra1 Nf4 42. Na5 Nd5 43. Rxa2 Nxc3 44. Rd2 Ne4 45. Rxe4 fxe4 46. Kf2 c5 47.
Ke3 Rxd4 48. Rxd4 cxd4+ 49. Kxd4 Rb6 50. Kxe4 Rxb4+ 51. Kf3 Kg5 52. Nc6 Rb3+
53. Kg2 Kf4 54. h4 Rb6 0-1

[Event "C.to Italiano Semifinale"]
[Site "Torino ITA"]
[Date "2010.06.26"]
[Round "8"]
[White "Saccona, Silvano"]
[Black "Velluti, Alberto"]
[Result "1-0"]
[WhiteElo "2230"]
[BlackElo "1932"]
[PlyCount "61"]
[EventDate "2010.06.20"]

1. e4 e5 2. Nf3 Nc6 3. c4 Nf6 4. Nc3 d6 5. h3 Nd4 6. d3 Be7 7. Be3 c5 8. Be2
O-O 9. Qd2 a6 10. O-O Bd7 11. Nh2 b5 12. b3 Qa5 13. Rae1 b4 14. Nd5 Nxd5 15.
exd5 Qc7 16. f4 Bh4 17. Bf2 Bxf2+ 18. Rxf2 Rae8 19. Bh5 g6 20. Bd1 Re7 21. fxe5
Rfe8 22. Ref1 dxe5 23. Rf6 Nf5 24. Bg4 Qd8 25. Bxf5 Bxf5 26. Ng4 Bxg4 27. hxg4
Qd7 28. Qg5 e4 29. dxe4 Rxe4 30. Rxf7 Qxg4 31. Qf6 1-0

[Event "C.to Italiano Semifinale"]
[Site "Torino ITA"]
[Date "2010.06.26"]
[Round "8"]
[White "Santeramo, Domenico"]
[Black "Finocchiaro, Gianluca"]
[Result "1/2-1/2"]
[WhiteElo "1884"]
[BlackElo "2087"]
[PlyCount "31"]
[EventDate "2010.06.20"]

1. e4 d5 2. exd5 Qxd5 3. Nc3 Qa5 4. d4 Nf6 5. Bd2 c6 6. Bc4 Bf5 7. Nf3 e6 8.
Qe2 Bb4 9. O-O O-O 10. a3 Bxc3 11. Bxc3 Qc7 12. Ne5 Nbd7 13. Bd2 Nxe5 14. dxe5
Nd7 15. Bc3 Nb6 16. Ba5 1/2-1/2

[Event "C.to Italiano Semifinale"]
[Site "Torino ITA"]
[Date "2010.06.26"]
[Round "8"]
[White "Sibilio, Mario"]
[Black "De Florio, Federico"]
[Result "1-0"]
[WhiteElo "2362"]
[BlackElo "2171"]
[PlyCount "77"]
[EventDate "2010.06.20"]

1. d4 d5 2. c4 e6 3. Nf3 Nf6 4. Nc3 c6 5. Bg5 Be7 6. e3 Nbd7 7. Rc1 O-O 8. h3
a6 9. a3 dxc4 10. Bxc4 b5 11. Ba2 c5 12. O-O Bb7 13. Bb1 Rc8 14. Qe2 cxd4 15.
exd4 Nb6 16. Bxf6 Bxf6 17. Be4 Bd5 18. Nxd5 Nxd5 19. Rxc8 Qxc8 20. Bxd5 exd5
21. Qd2 Qb7 22. Re1 Rc8 23. g4 h6 24. Qf4 Qd7 25. Re2 Re8 26. Re3 Rxe3 27. Qxe3
Qc6 28. Kg2 Qe6 29. Ne5 g5 30. Kf3 Kg7 31. Nd3 Qd6 32. Kg2 a5 33. Nc1 b4 34. a4
Qc6 35. b3 Qc2 36. Ne2 Qd1 37. Ng3 Qc2 38. Qf3 Qc6 39. Nh5+ 1-0

[Event "C.to Italiano Semifinale"]
[Site "Torino ITA"]
[Date "2010.06.26"]
[Round "8"]
[White "Spinelli, Doriano"]
[Black "Ricci, Marco"]
[Result "1/2-1/2"]
[WhiteElo "2112"]
[BlackElo "2094"]
[PlyCount "28"]
[EventDate "2010.06.20"]

1. e4 e6 2. b3 d5 3. Bb2 dxe4 4. Nc3 Nf6 5. Qe2 Nc6 6. Nxe4 Be7 7. Nf3 O-O 8.
g3 Nxe4 9. Qxe4 Qd5 10. Qg4 e5 11. Bc4 Qxd2+ 12. Kxd2 Bxg4 13. Nxe5 Nxe5 14.
Bxe5 Rad8+ 1/2-1/2

[Event "C.to Italiano Semifinale"]
[Site "Torino ITA"]
[Date "2010.06.26"]
[Round "8"]
[White "Valsecchi, Alessio"]
[Black "Brunello, Sabino"]
[Result "0-1"]
[WhiteElo "2370"]
[BlackElo "2467"]
[PlyCount "118"]
[EventDate "2010.06.20"]

1. e4 c6 2. d4 d5 3. Nc3 dxe4 4. Nxe4 Bf5 5. Ng3 Bg6 6. h4 h6 7. Nf3 Nd7 8. h5
Bh7 9. Bd3 Bxd3 10. Qxd3 e6 11. Bf4 Qa5+ 12. Bd2 Bb4 13. c3 Be7 14. c4 Qc7 15.
O-O-O Ngf6 16. Kb1 O-O 17. Ne4 Ng4 18. Qe2 Rae8 19. Nh4 Ngf6 20. g4 Qd8 21. Nc3
Nh7 22. Ng6 fxg6 23. hxg6 Bg5 24. gxh7+ Kh8 25. Ne4 Bxd2 26. Rxd2 Qe7 27. Re1
c5 28. dxc5 Nxc5 29. Nd6 Rb8 30. f4 Qh4 31. Qe5 b6 32. g5 hxg5 33. Nf7+ Rxf7
34. Qxb8+ Kxh7 35. Rdd1 Qxf4 36. Rh1+ Kg6 37. Qh8 Qe4+ 38. Ka1 Rf5 39. Qe8+ Kf6
40. Rde1 Nb3+ 41. axb3 Ra5+ 42. Qa4 Rxa4+ 43. bxa4 Qxc4 44. Rhf1+ Ke7 45. Rf3
Qxa4+ 46. Kb1 Qd4 47. Rfe3 Qd6 48. Rg1 Qf4 49. Ra3 a5 50. Rb3 Qf5+ 51. Ka1 b5
52. Rbg3 Kf6 53. R3g2 e5 54. Rg3 e4 55. Re1 g4 56. Rc3 b4 57. Rc4 g3 58. Rcxe4
g2 59. Re8 Qc5 0-1

[Event "C.to Italiano Semifinale"]
[Site "Torino ITA"]
[Date "2010.06.27"]
[Round "9"]
[White "Brunello, Sabino"]
[Black "Genocchio, Daniele"]
[Result "1-0"]
[WhiteElo "2467"]
[BlackElo "2438"]
[PlyCount "99"]
[EventDate "2010.06.20"]

1. d4 f5 2. g3 Nf6 3. Bg2 d6 4. Nf3 g6 5. b4 Bg7 6. Bb2 c6 7. Nbd2 a5 8. a3
axb4 9. axb4 Rxa1 10. Qxa1 Nd5 11. c3 O-O 12. O-O Nd7 13. Qa3 b5 14. Rc1 N7f6
15. e3 Bd7 16. Ne1 Qe8 17. c4 bxc4 18. Nxc4 g5 19. Na5 Qa8 20. Nd3 Rb8 21. Bc3
Rb6 22. Be1 Kh8 23. Qa2 Qe8 24. Qe2 Bc8 25. Qc2 Bd7 26. Qe2 h6 27. h3 Qg6 28.
f3 h5 29. e4 Nc7 30. d5 fxe4 31. fxe4 Ncxd5 32. exd5 cxd5 33. Nf2 e5 34. Qa2
Rb5 35. Nc6 g4 36. h4 Bh6 37. Bd2 d4 38. Ne7 Qh7 39. Bxh6 Qxh6 40. Rc7 Rb8 41.
Qf7 Qg7 42. Qxg7+ Kxg7 43. Nd5 Rc8 44. b5 Rxc7 45. Nxc7 d5 46. b6 Bc6 47. Ne6+
Kg6 48. Nd3 Nd7 49. Nf8+ Nxf8 50. Nxe5+ 1-0

[Event "C.to Italiano Semifinale"]
[Site "Torino ITA"]
[Date "2010.06.27"]
[Round "9"]
[White "De Florio, Federico"]
[Black "Fabbri, Mario"]
[Result "1-0"]
[WhiteElo "2171"]
[BlackElo "2190"]
[PlyCount "55"]
[EventDate "2010.06.20"]

1. d4 d5 2. Nf3 Nf6 3. e3 e6 4. Bd3 b6 5. b3 Bb7 6. Bb2 c5 7. O-O Nc6 8. Nbd2
Be7 9. Ne5 Nxe5 10. dxe5 Nd7 11. Qg4 g6 12. f4 Qc7 13. c4 O-O-O 14. cxd5 exd5
15. f5 Rhe8 16. fxg6 fxg6 17. Rf7 Kb8 18. Nf3 c4 19. bxc4 dxc4 20. Qxc4 Qxc4
21. Bxc4 Bc5 22. Rd1 Bxe3+ 23. Kf1 Nc5 24. Rxd8+ Rxd8 25. e6 a6 26. Be5+ Ka8
27. e7 Re8 28. Rf8 1-0

[Event "C.to Italiano Semifinale"]
[Site "Torino ITA"]
[Date "2010.06.27"]
[Round "9"]
[White "De Nisi, Roberta"]
[Black "Cardani, Roberto"]
[Result "1-0"]
[WhiteElo "1916"]
[BlackElo "1998"]
[PlyCount "57"]
[EventDate "2010.06.20"]

1. d4 Nf6 2. c4 e6 3. Nc3 Bb4 4. a3 Bxc3+ 5. bxc3 c5 6. d5 d6 7. f3 e5 8. Qc2
e4 9. fxe4 Qe7 10. e5 Qxe5 11. Nf3 Qe4 12. Qxe4+ Nxe4 13. Bf4 Nd7 14. e3 Ndf6
15. Bd3 Kd7 16. Ng5 Nxg5 17. Bxg5 Ng4 18. a4 Ne5 19. Be2 b6 20. O-O f6 21. Bf4
Re8 22. a5 Kc7 23. axb6+ Kxb6 24. Rfb1+ Kc7 25. Rb5 a6 26. Rb3 Rb8 27. Rxb8
Kxb8 28. Kf2 Ka7 29. h3 1-0

[Event "C.to Italiano Semifinale"]
[Site "Torino ITA"]
[Date "2010.06.27"]
[Round "9"]
[White "Di Paolo, Raffaele"]
[Black "Passerotti, Pierluigi"]
[Result "1-0"]
[WhiteElo "2343"]
[BlackElo "2258"]
[PlyCount "29"]
[EventDate "2010.06.20"]

1. e4 e6 2. Qe2 c5 3. Nf3 Nc6 4. g3 Nge7 5. Bg2 g6 6. O-O Bg7 7. c3 d6 8. d4
cxd4 9. cxd4 Nxd4 10. Nxd4 Bxd4 11. Bh6 Bd7 12. Nd2 Nc8 13. Nf3 Bc5 14. b4 Bxb4
15. Qb2 1-0

[Event "C.to Italiano Semifinale"]
[Site "Torino ITA"]
[Date "2010.06.27"]
[Round "9"]
[White "Finocchiaro, Gianluca"]
[Black "Spinelli, Doriano"]
[Result "1/2-1/2"]
[WhiteElo "2087"]
[BlackElo "2112"]
[PlyCount "86"]
[EventDate "2010.06.20"]

1. Nc3 c5 2. e4 e5 3. Nf3 d6 4. Bc4 Be7 5. d3 Nf6 6. O-O O-O 7. h3 Nc6 8. a4
Be6 9. Nd5 Bxd5 10. Bxd5 Nxd5 11. exd5 Nb4 12. c4 a5 13. Qd2 h6 14. b3 Qd7 15.
Ba3 Qf5 16. Bxb4 axb4 17. Rfe1 Bf6 18. Qe2 Bd8 19. Nd2 Qd7 20. Qh5 Kh7 21. Qe2
g6 22. f4 exf4 23. Qf3 Bh4 24. Re2 Rae8 25. Rxe8 Rxe8 26. Ne4 f5 27. Qxf4 Be7
28. Rf1 Rf8 29. Ng3 Bg5 30. Qf2 Re8 31. Re1 Bh4 32. Kf1 Rxe1+ 33. Qxe1 Qf7 34.
Qe6 Qxe6 35. dxe6 Kg7 36. Ne2 Bg5 37. d4 cxd4 38. Nxd4 Kf6 39. Ke2 Ke5 40. Kd3
Be7 41. Nc6+ Kxe6 42. Nxb4 g5 43. Nd5 Bd8 1/2-1/2

[Event "C.to Italiano Semifinale"]
[Site "Torino ITA"]
[Date "2010.06.27"]
[Round "9"]
[White "Grinza, Andrea"]
[Black "Racioppo, Paolo"]
[Result "1-0"]
[WhiteElo "2255"]
[BlackElo "2172"]
[PlyCount "43"]
[EventDate "2010.06.20"]

1. d4 f5 2. e4 fxe4 3. Nc3 Nf6 4. Bg5 c6 5. f3 e3 6. Bxe3 d5 7. Bd3 Be6 8. Qd2
Nbd7 9. Nge2 Bf7 10. O-O-O b5 11. Nf4 Qa5 12. Kb1 b4 13. Nce2 e5 14. dxe5 Nxe5
15. Nd4 c5 16. Bb5+ Nfd7 17. Nde6 Bxe6 18. Nxe6 Rc8 19. Bxd7+ Nxd7 20. Qxd5 Qb5
21. Rhe1 Qc6 22. Nc7+ 1-0

[Event "C.to Italiano Semifinale"]
[Site "Torino ITA"]
[Date "2010.06.27"]
[Round "9"]
[White "La Manna, Andrea"]
[Black "Di Trapani, Davide"]
[Result "0-1"]
[WhiteElo "2229"]
[BlackElo "1926"]
[PlyCount "92"]
[EventDate "2010.06.20"]

1. d4 d5 2. c4 e6 3. Nc3 Nf6 4. cxd5 exd5 5. Bg5 Be7 6. e3 c6 7. Qc2 Nbd7 8.
Bd3 O-O 9. Nge2 Re8 10. O-O Nf8 11. f3 Be6 12. Rad1 N6d7 13. Bxe7 Rxe7 14. e4
Nb6 15. e5 g6 16. f4 f5 17. b4 Rc8 18. a4 a6 19. Ra1 Rec7 20. Qb2 Nfd7 21. a5
Nc4 22. Bxc4 dxc4 23. Rad1 Nf8 24. Rd2 Rd7 25. Na4 Rcc7 26. Nb6 Re7 27. Qc3 Re8
28. Nxc4 Bxc4 29. Qxc4+ Qd5 30. Rc1 Rec8 31. Qxd5+ cxd5 32. Rc5 Ne6 33. Rxd5
Rc2 34. Rxc2 Rxc2 35. Kf1 Rxe2 36. Rd8+ Nxd8 37. Kxe2 Ne6 38. Ke3 Nc7 39. Kd3
Kf7 40. Kc4 Ke6 41. Kc5 Nd5 42. g3 h6 43. h4 h5 44. b5 axb5 45. Kxb5 Kd7 46.
Kc4 Kc6 0-1

[Event "C.to Italiano Semifinale"]
[Site "Torino ITA"]
[Date "2010.06.27"]
[Round "9"]
[White "Mogranzini, Roberto"]
[Black "Contin, Daniel"]
[Result "1/2-1/2"]
[WhiteElo "2405"]
[BlackElo "2307"]
[PlyCount "55"]
[EventDate "2010.06.20"]

1. e4 e6 2. d4 d5 3. e5 c5 4. c3 Qb6 5. Nf3 Bd7 6. Bd3 cxd4 7. Nxd4 Nc6 8. Nxc6
Bxc6 9. O-O Bb5 10. Bxb5+ Qxb5 11. a4 Qc6 12. Nd2 Ne7 13. Nf3 Nf5 14. a5 h5 15.
Bg5 Be7 16. Bxe7 Nxe7 17. a6 b6 18. Nd4 Qd7 19. Qe2 Rc8 20. h3 Rc4 21. Qd3 h4
22. b3 Rc5 23. Rfe1 Rh5 24. Rac1 Ng6 25. Nf3 Qc7 26. Qd4 Rf5 27. Re3 Ra5 28.
Rd1 1/2-1/2

[Event "C.to Italiano Semifinale"]
[Site "Torino ITA"]
[Date "2010.06.27"]
[Round "9"]
[White "Nikolajevic, Tihomir"]
[Black "Velluti, Alberto"]
[Result "0-1"]
[WhiteElo "1914"]
[BlackElo "1932"]
[PlyCount "56"]
[EventDate "2010.06.20"]

1. Nf3 Nf6 2. g3 d5 3. Bg2 Bf5 4. b3 c5 5. d3 Nc6 6. Bb2 e6 7. O-O Bd6 8. Nbd2
h6 9. Re1 Be7 10. Rc1 O-O 11. e3 Rc8 12. Qe2 Re8 13. Qf1 a6 14. Nh4 Bh7 15. f4
Qa5 16. Nhf3 Qxa2 17. Rb1 b5 18. Rec1 Qa5 19. Qf2 Qb6 20. h3 Nd7 21. Ne5 Ndxe5
22. fxe5 Qc7 23. d4 c4 24. Ra1 Nb4 25. Nf3 cxb3 26. c3 Nd3 27. Qd2 Nxc1 28.
Bxc1 Qxc3 0-1

[Event "C.to Italiano Semifinale"]
[Site "Torino ITA"]
[Date "2010.06.27"]
[Round "9"]
[White "Piscopo, Pierluigi"]
[Black "Bove, Alessandro"]
[Result "1-0"]
[WhiteElo "2426"]
[BlackElo "2346"]
[PlyCount "145"]
[EventDate "2010.06.20"]

1. e4 e5 2. Nf3 Nf6 3. d4 Nxe4 4. Bd3 d5 5. dxe5 Nc5 6. Nc3 Nxd3+ 7. Qxd3 c6 8.
Nd4 Na6 9. O-O Bc5 10. Nce2 Qe7 11. Qg3 f6 12. exf6 Qxf6 13. Bg5 Qf7 14. Qe5+
Kd7 15. c4 Bd6 16. Qe3 Re8 17. Qd2 Kc7 18. cxd5 Qxd5 19. Rfd1 Be5 20. Bf4 Kb8
21. Qe3 Qc5 22. Rac1 Bxf4 23. Qxf4+ Qe5 24. Qxe5+ Rxe5 25. Rxc6 Rxe2 26. Rxc8+
Kxc8 27. Nxe2 Kc7 28. f3 Re8 29. Kf2 Nc5 30. h4 b6 31. Nc3 Kc6 32. b4 Ne6 33.
Ne4 Nf4 34. g3 Ng6 35. Rd4 Re7 36. a4 Ne5 37. b5+ Kc7 38. Nc3 Rf7 39. Nd5+ Kb7
40. Nf4 Nd7 41. Ne6 Re7 42. Re4 Kb8 43. Ng5 Rxe4 44. Nxe4 Kc7 45. Ke3 Ne5 46.
Ng5 Kd6 47. Kd4 h6 48. Ne4+ Ke6 49. Nd2 Nd7 50. Nb3 Nf6 51. Nc1 Ne8 52. Nd3 Nc7
53. Ke4 a6 54. bxa6 Nxa6 55. Kd4 Kd6 56. Kc4 Nc7 57. Nf4 Ke5 58. Nd3+ Kd6 59.
Kd4 Na6 60. g4 Nc7 61. f4 Ne6+ 62. Kc4 Nc7 63. f5 Nd5 64. Kd4 Nc7 65. g5 hxg5
66. hxg5 Na6 67. Ne5 Nc5 68. Nc4+ Kc6 69. f6 gxf6 70. gxf6 Ne6+ 71. Ke5 Nd8 72.
Nd6 Kc5 73. Nb7+ 1-0

[Event "C.to Italiano Semifinale"]
[Site "Torino ITA"]
[Date "2010.06.27"]
[Round "9"]
[White "Ricci, Marco"]
[Black "Saccona, Silvano"]
[Result "0-1"]
[WhiteElo "2094"]
[BlackElo "2230"]
[PlyCount "200"]
[EventDate "2010.06.20"]

1. e4 c5 2. Nf3 Nc6 3. d4 cxd4 4. Nxd4 d6 5. Nc3 Nf6 6. Bg5 Qb6 7. Nb3 Be6 8.
Be2 a6 9. Be3 Qd8 10. Nd5 Bxd5 11. exd5 Nb8 12. O-O g6 13. f4 Bg7 14. Bd4 Nbd7
15. a4 Rc8 16. a5 O-O 17. Bf3 Qc7 18. c3 Nc5 19. Nxc5 dxc5 20. Be5 Qd7 21. c4
Ne8 22. Bg4 f5 23. Bxg7 Kxg7 24. Bf3 Nd6 25. Qe2 Rf7 26. Rfe1 Kg8 27. b3 Qc7
28. Qe5 Rb8 29. Re3 Qd8 30. g3 b5 31. axb6 Rxb6 32. Qc3 Qb8 33. Rae1 Rb7 34.
Kg2 Qc7 35. Re6 Qb8 36. R6e3 Qc7 37. Re6 Qb8 38. R1e3 Rg7 39. h4 Qd8 40. Qe1
Kf8 41. Qa1 Ra7 42. Qa3 Qc7 43. Re1 Rf7 44. R6e3 Kg8 45. Qb2 Qb6 46. Qc3 a5 47.
Ra1 Rf8 48. Re2 Rb8 49. Ra3 Rf8 50. Rea2 Rfa8 51. Ra1 Qd8 52. Qe3 Qb6 53. Qe6+
Kg7 54. Qe5+ Kg8 55. Qe6+ Kg7 56. Qe5+ Kg8 57. h5 Nf7 58. Qe6 Qd6 59. hxg6 hxg6
60. Qe3 Nd8 61. Qc3 Nb7 62. Rh1 Qf6 63. Qxf6 exf6 64. Re1 Nd8 65. Rea1 Ra6 66.
Re1 Kf8 67. Re3 R8a7 68. Ra1 Re7 69. Rxe7 Kxe7 70. Kf2 g5 71. Ke3 Nf7 72. Kd3
Kd7 73. Rh1 a4 74. Rh7 a3 75. Rh1 g4 76. Bg2 a2 77. Ra1 Nd6 78. Bh1 Ra3 79. Kc3
Ra8 80. Kd3 Rh8 81. Bg2 Ra8 82. Bh1 Ne8 83. Kc3 Ng7 84. Kb2 Nh5 85. Rxa2 Rxa2+
86. Kxa2 Kd6 87. Ka3 Nxg3 88. Bg2 Ne2 89. b4 Nxf4 90. Bf1 Ng6 91. b5 Ne5 92.
Ka4 f4 93. b6 f3 94. Kb5 Nd7 95. b7 Kc7 96. Ka6 Kb8 97. d6 g3 98. Bh3 Ne5 99.
d7 Nxd7 100. Bxd7 g2 0-1

[Event "C.to Italiano Semifinale"]
[Site "Torino ITA"]
[Date "2010.06.27"]
[Round "9"]
[White "Rombaldoni, Denis"]
[Black "Sibilio, Mario"]
[Result "1-0"]
[WhiteElo "2484"]
[BlackElo "2362"]
[PlyCount "77"]
[EventDate "2010.06.20"]

1. Nf3 f5 2. c4 Nf6 3. Nc3 e6 4. d4 Bb4 5. Qb3 c5 6. a3 Bxc3+ 7. Qxc3 Ne4 8.
Qc2 Qa5+ 9. Bd2 Nxd2 10. Qxd2 Qxd2+ 11. Kxd2 Na6 12. e3 d6 13. Kc3 b6 14. b4
Bb7 15. dxc5 dxc5 16. Ne5 Ke7 17. f4 Rhc8 18. Rd1 cxb4+ 19. axb4 Nb8 20. Rg1 a5
21. b5 Rd8 22. Rxd8 Kxd8 23. g4 fxg4 24. Rxg4 g6 25. Rh4 a4 26. Kb2 a3+ 27. Ka2
h5 28. Bd3 Nd7 29. Bxg6 Nf6 30. Bxh5 Kc7 31. Bg6 Kd6 32. Rh6 Kc5 33. Bb1 Ne4
34. Rxe6 Kb4 35. Nd3+ Kxc4 36. Ne5+ Kb4 37. Bxe4 Rd8 38. Nc6+ Bxc6 39. Rxc6 1-0